01287nam a2200337Ia 450000500170000000800410001702000190005810000220007724500960009925000390019530000590023449000550029350000320034852100540038053400190043458600400045365000480049365000470054165000350058865000320062365000350065565000350069070000180072570000230074326400490076633600270081533700330084233800280087504000350090308400110093820220317000950.0160825s2009 mx a g 000 0 spa  a978968165440121 aOrlev, Urid1931-13aLa abuela tejedoracUri Orlev ; ilustrado por Tania Janco ; traducido por Déborah Roitman a1a. edición b5a. reimpresión  a40 páginas bilustraciones en blanco y negro c19 cm aA la orilla del viento : para los grandes lectores aIncluye datos biográficos aRecomendado para niños de 7 años en adelantez tZabta Zoreguet aPremio Hans Christian Andersen 1997 2LEMBaCuentos infantiles polacos ySiglo XX 2LEMBaLiteratura infantil polacaySiglo XX 2LEMBaAbuelos en la literatura 2LEMBaAmor en la literatura 2LEMBaFamilia en la literatura 2LEMBaNiños en la literatura1 aJanco, Tania 1 aRoitman, Déborah aMéxicobFondo de Cultura Económicac2009 atextobtxt2rdacontent asin mediaciónbn2rdamedia avolumenbnc2rdacarrier aCO-BoRNBPbspaerdacCO-BoRNBP aC ORL1